000
00260nam a2200097Ia 4500
008
240331s9999 xx 000 0 und d
082
_a
303.6
_b
COM
100
_a
Das, V
245
0
_a
Mirrors of violence :
_b
communities, riots and survivors in South Asia
942
_c
L
999
_c
1258
_d
1258